000 00979nam a22003137a 4500
001 000544
003 DO-SdBPM
005 20260224124542.0
007 ta
008 161011b2009 ch a b ||| 00| 0 spa d
020 _a9789872220655
040 _aDO-SdBPM
_bspa
_cBPMSU
_erda
082 4 _aR577. 5
_bE56a 2009
_222
100 1 _a
_d
245 1 0 _a Enciclopedia ambiental infantil /
_ctextos, Sonia Santos, Jorge Bernal ; ilustraciones Javier Alberto barreto
_b
260 _bCultural,
_c1997.
264 _aChina :
_bGrupo Multimedia,
_c2009
300 _a112 p. :
_bil., mapas ;
_c35 cm.
500 _a
590 _aInventariado, 2026/VM
650 7 _aEcología
_vEnciclopedia
650 7 _aProtección del medio ambiente
_v
650 7 _aParques nacionales y reservas
700 1 _aSantos, Sonia
_d
700 1 _aBernal, Jorge
700 1 _aBarreto Javier Alberto
_e ilustraciones
910 _aVMateo V. Control de calidad. BPMSU
942 _2ddc
_cBK
999 _c15730
_d15730